Los conquistadores

Uloženo v:
Podrobná bibliografie
Hlavní autor: Thisse, Simone Abraham (Autor)
Médium: Kniha
Jazyk:španělština
Vydáno: Madrid Everest 1985
Edice:Colección Historias Jóvenes
Témata:
Tagy: Přidat tag
Žádné tagy, Buďte první, kdo vytvoří štítek k tomuto záznamu!

MARC

LEADER 00000nam a2200000 a 4500
001 UCZ1425
003 CL-VaPUC
008 950824e19850000SP |||||||||||||||||spa|d
082 0 4 |a 923.9  |b THI  |2 21 
100 0 |a Thisse, Simone Abraham  |e author  |9 344992 
245 1 4 |a Los conquistadores 
300 |a 31 p 
942 |c BK 
945 |d 19950824 00:00:00  |a rbrito 
260 |a Madrid  |b Everest  |c 1985 
600 0 7 |a CORTES, HERNAN  |2 CL-VaPUC  |9 258554 
600 0 7 |a PIZARRO, FRANCISCO DE  |2 CL-VaPUC  |9 268480 
600 0 7 |a ALMAGRO, DIEGO DE  |2 CL-VaPUC  |9 268479 
650 0 |a Biografías  |9 255210 
650 7 |a DESCUBRIMIENTOS  |2 CL-VaPUC  |9 319676 
650 7 |a CONQUISTADORES  |2 CL-VaPUC  |9 344993 
651 0 |a América  |9 255182 
583 |a last modification  |c 19950824 00:00:00  |k Rodrigo Vera 
490 0 |a Colección Historias Jóvenes 
999 |c 238173  |d 238171 
952 |0 0  |1 0  |4 0  |6 923_900000000000000_THI_1985  |7 0  |8 A  |9 248198  |a BIBEDU  |b BIBEDU  |d 2019-11-18  |i 3117782  |o 923.9 THI 1985  |p 3117782  |r 2019-11-18  |w 2019-11-18  |y BK  |k EPE